Normal view MARC view
  • चांदवडकर, तुषार

Entry Personal Name

Number of records used in: 1

001 - CONTROL NUMBER

  • control field: 217254

003 - CONTROL NUMBER IDENTIFIER

  • control field: OSt

005 - DATE AND TIME OF LATEST TRANSACTION

  • control field: 20260325101652.0

008 - FIXED-LENGTH DATA ELEMENTS

  • fixed length control field: 260325|| aca||aabn | a|a d

040 ## - CATALOGING SOURCE

  • Original cataloging agency: OSt
  • Transcribing agency: OSt

100 ## - HEADING--PERSONAL NAME

  • Personal name: चांदवडकर, तुषार

670 ## - SOURCE DATA FOUND

  • Source citation: Work cat.: (OSt)370768: चांदवडकर, तुषार , लेखन कौशल्य : निबंध आणि ग्रंथ परीक्षण ( Marathi Ref. )